000
00279nam a22001097a 4500
008
160428b xxu||||| |||| 00| 0 eng d
020
_a
9781416099956
041
_a
eng
080
_a
618.2
245
_a
Introduction to medical surgical nursing:
_c
Nancy K. Maebius;
942
_2
udc
_c
BK
999
_c
1650
_d
1650